| 000 | 00799nam a2200241Ia 4500 | ||
|---|---|---|---|
| 003 | PE SENCICO BE | ||
| 005 | 20251020182433.0 | ||
| 008 | 200515s9999 xx 000 0 und d | ||
| 020 | _a978-84-494-2826-5 | ||
| 040 |
_aPE SENCICO BE _cPE SENCICO BE |
||
| 041 | _aspa | ||
| 082 |
_a371.30281 _bG8 |
||
| 110 | 1 |
_9202 _aOceano Grupo Editorial |
|
| 245 | 1 | 0 |
_aAprender a aprender : _btécnicas de estudio / _cOceano Grupo Editorial |
| 250 | _a[1a ed.] | ||
| 260 |
_aBarcelona : _bOceano Grupo Editorial ; _c2008 |
||
| 300 |
_a112 p. : _bil., tbl., graf. ; _c26 cm. |
||
| 505 | 0 | _aTécnicas de estudio -- Técnicas de comunicación -- Metodología del aprendizaje | |
| 650 | 1 | 0 |
_aTécnicas de estudio _92689 |
| 650 | 2 | 0 |
_aAprendizaje _92282 |
| 650 | 2 | 0 |
_aComunicación _92079 |
| 942 |
_cLIB _2ddc |
||
| 999 |
_c315 _d315 |
||